Tendencie vývoja poistného trhu SR

Súčasný stav a tendencie vývoja spoločného poistného trhu EÚ. Tendencie vývoja poistného trhu SR v rámci integrovaného poistného trhu EÚ.

Salvato in:
Dettagli Bibliografici
Autore principale: Majtánová, Anna
Altri autori: Polavková, Katarína
Natura: Capitolo di libro
Lingua:slovacco
Soggetti:
Tags: Aggiungi Tag
Nessun Tag, puoi essere il primo ad aggiungerne!!

MARC

LEADER 00000naa$a2200000$$$4500
001 0039790
005 20240502071505.2
041 0 |a slo 
044 |a SK 
245 1 0 |a Tendencie vývoja poistného trhu SR  |c Anna Majtánová, Katarína Polavková 
520 |a Súčasný stav a tendencie vývoja spoločného poistného trhu EÚ. Tendencie vývoja poistného trhu SR v rámci integrovaného poistného trhu EÚ. 
610 2 0 |a trh poistný 
610 2 0 |a Slovensko 
610 2 0 |a Európska únia 
610 2 0 |a poisťovne 
610 2 0 |a integrácia 
610 2 0 |a poisťovníctvo 
100 1 |a Majtánová, Anna 
700 1 |a Polavková, Katarína